| 000 | 00643nam a2200205Ia 4500 | ||
|---|---|---|---|
| 003 | OSt | ||
| 005 | 20260424125306.0 | ||
| 008 | 210210b1985 xxu||||| |||| 00| 0 eng d | ||
| 040 | _cAL | ||
| 041 | _aKannada | ||
| 082 | _a294.54K PANS | ||
| 100 |
_aPANDELU (Shankaranarayana Bhat). _dಪಾಂಡೇಲು (ಶಂಕರನಾರಾಯಣ ಭಟ್) _9262605 |
||
| 245 |
_aSanathana samskaragalu. _bಸನಾತನ ಸಂಸ್ಕಾರಗಳು |
||
| 260 |
_aKasaragod. _bPandelu Shankaranarayana Bhat., _c1985 |
||
| 300 | _avi,76 | ||
| 650 |
_aHindu Samskaras _9262606 |
||
| 690 |
_aHinduism _9262607 |
||
| 906 | _a040275 | ||
| 942 |
_2ddc _cBK |
||
| 999 |
_c90303 _d90303 |
||